| 000 | 00636nam a2200241Ia 4500 | ||
|---|---|---|---|
| 003 | EC-GqESP | ||
| 005 | 20260119105725.0 | ||
| 008 | 250425s9999 xx 000 0 und d | ||
| 010 | _a28443 | ||
| 041 | _aspa | ||
| 043 | _aec | ||
| 082 | _a658.4 | ||
| 100 | _aAROSEMENA AROSEMENA, GUILLERMO | ||
| 245 | 0 | _aLA ENCRUCIJADA DE LA EMPRESA PRIVADA ECUATORIANA: QUEDARSE REZAGADO EN EL PASADO O PROYECTARSE AL FUTURO | |
| 250 | _a1A ED. | ||
| 260 |
_aEcuador _bESPOL _c2000 |
||
| 260 | _aGUAYAQUIL | ||
| 300 | _a105 | ||
| 650 | _aADMINISTRACION DE EMPRESAS | ||
| 650 | _aECUADOR | ||
| 650 | _aEMPRESA PRIVADA | ||
| 942 | _c01 | ||
| 999 |
_c215841 _d215841 |
||